Industrial process modelling with operations research method

The operation of a business process is not as easy as it seems for the first time. A lot of complex connections can be identified in a production process, while the performance of a machine can be either uncertain or unknown. These factors could result in inappropriate conclusions and decisions. Col...

Teljes leírás

Elmentve itt :
Bibliográfiai részletek
Szerzők: Pusztai László Péter
Kocsis Balázs
Budai István
Nagy Lajos
Testületi szerző: Conference of PhD students in computer science (11.) (2018) (Szeged)
Dokumentumtípus: Könyv része
Megjelent: 2018
Sorozat:Conference of PhD Students in Computer Science 11
Kulcsszavak:Matematika - alkalmazott, Számítógép - programozás
Online Access:http://acta.bibl.u-szeged.hu/61778
LEADER 01639naa a2200229 i 4500
001 acta61778
005 20260224081030.0
008 191104s2018 hu o 100 eng d
040 |a SZTE Egyetemi Kiadványok Repozitórium  |b hun 
041 |a eng 
100 1 |a Pusztai László Péter 
245 1 0 |a Industrial process modelling with operations research method  |h [elektronikus dokumentum] /  |c  Pusztai László Péter 
260 |c 2018 
300 |a 106-109 
490 0 |a Conference of PhD Students in Computer Science  |v 11 
520 3 |a The operation of a business process is not as easy as it seems for the first time. A lot of complex connections can be identified in a production process, while the performance of a machine can be either uncertain or unknown. These factors could result in inappropriate conclusions and decisions. Collecting data is an essential part of business process modelling, while operations research methods can provide a good evaluation tool for making the right decisions. The article aims at presenting a process rationalization while total process time optimization is carried out based on a minimal extra cost investment. The examined variables of the optimization were total process time and cost of human resource. The target value of total process time reduction was 10%. 
695 |a Matematika - alkalmazott, Számítógép - programozás 
700 0 1 |a Kocsis Balázs  |e aut 
700 0 1 |a Budai István  |e aut 
700 0 1 |a Nagy Lajos  |e aut 
710 |a Conference of PhD students in computer science (11.) (2018) (Szeged) 
856 4 0 |u http://acta.bibl.u-szeged.hu/61778/1/cscs_2018_119-122.pdf  |z Dokumentum-elérés